000 01739nam0a2200373 4500
001 RU\NLR\bibl\1795665
005 20260405111511.0
010 _a978-5-94485-187-1
_9100
021 _aRU
_b2011-51618
_93685
035 _a(nilc)LIBNET\0000146538
035 _aRU/Алтайская КУНБ/IBIS/109812
035 _a(NLR Aleph) 001786351
090 _a1729602
_c1729602
100 _a20110711d2011 |||y0rusy50 ca
101 0 _arus
102 _aRU
105 _aa |||||||||
200 1 _aОценка механических и биологических потерь урожая пшеницы в Алтайском крае
_eмонография
_fС.А. Камша, В.И. Беляев
_gМ-во сел. хоз-ва Рос. Федерации, Федер. гос. образоват. учреждение высш. проф. образования "Алт. гос. аграр. ун-т"
210 _aБарнаул
_cИзд-во АГАУ
_d2011
215 _a61 с.
_cил., карт.
_d21
320 _aБиблиогр.: с. 43-47 (65 назв.)
606 1 _aЗерновые культуры
_xУборка
_xПотери
_yАлтайский край
_92622661
_3RU\NLR\auth\661559221
686 _a68.35.29
_2rugasnti
686 _aП212-481
700 1 _aКамша
_bС. А.
_gСветлана Анатольевна
_4070
701 1 _4070
_8rus
_7ca
_aБеляев
_bВ. И.
_cбиолог
_gВладимир Иванович
_3RU\NLR\auth\7742451
_925395
801 0 _aRU
_bАлтайская КУНБ
_c20110711
_grcr
801 1 _aRU
_bАлтайская КУНБ
_c20110711
_grcr
801 2 _aRU
_bNLR
_c20110804
_grcr
830 _aавт. по кн.
942 _cBOOK
980 _aNB
980 _aNBR